Państwa azjatyckie z najmniejszą liczbą granic - Statystyki

Ogólne statystyki
  • Ten quiz został rozwiązany 206 razy
  • Średni wynik to 9 z 12
Statystyki odpowiedzi
# Państwo % Poprawnych
0 Japonia
96%
1 Korea Południowa
89%
0 Sri Lanka
84%
0 Filipiny
80%
0 Singapur
78%
0 Malediwy
76%
0 Tajwan
75%
1 Brunei
72%
1 Timor Wschodni
72%
1 Katar
71%
0 Bahrajn
67%
0 Cypr
52%
Nie znaleziono quizów pasujących do podanych kryteriów
Rozkład punktacji
Procent ludzi z każdym wynikiem
Percentyl według liczby udzielonych odpowiedzi
Twoja historia wyników
Nie rozwiązałeś tego quizu